000 00286nam a2200133Ia 4500
100 _aCox/T.B.
942 _cBK
654 _aComputer
245 _aOracle : Workgroup Server Handbook
260 _bOsborne
_aBerkley
_c1995
082 _a005.13 'O'
546 _aENGLISH
999 _c20635
_d20635